000 00742nam a2200217Ia 4500
008 191130s2010##################000#0#eng##
020 _a9780230576490
040 _aACL
_cACL
082 _a330.1220951 CHU
245 _aChinese capitalisms : historical emergence and political implications
_cedited by Yin-wah Chu
260 _aHoundmills, Basingstoke, Hampshire ; New York, N.Y
_bPalgrave Macmillan
_cc2010
300 _axiv, 248 p
500 _aIncludes bibliographical references and index
650 _aCapitalism -- China
650 _aCapitalism -- Political aspects -- China
650 _aCapitalism -- Taiwan
700 _aChu, Yin-wah
990 _ad99429a7ac10000c233231cec356141e
991 _a38984
999 _c128588
_d128588